Catálogo
 En Linea

La enseñanza de la folosofía en América Latina y el Caribe / (Registro nro. 35178)

Detalles MARC
000 -CABECERA
campo de control de longitud fija 00634nam a2200169 a 4500
001 - NÚMERO DE CONTROL
campo de control 000035687
005 - FECHA Y HORA DE LA ÚLTIMA TRANSACCIÓN
campo de control 20200930074530.0
008 - DATOS DE LONGITUD FIJA--INFORMACIÓN GENERAL
campo de control de longitud fija 111108s2009 dr 000 0 spa d
040 ## - FUENTE DE LA CATALOGACIÓN
Centro catalogador/agencia de origen DO-SdBNP
Lengua de catalogación spa
Centro/agencia transcriptor BNPHU
049 ## - FONDOS LOCALES (OCLC)
Fondos de biblioteca BNPD
111 2# - ENTRADA PRINCIPAL--NOMBRE DE CONGRESO/REUNIÓN
Nombre de congreso/reunión o jurisdicción como elemento de entrada Momerias de la reunión regional de alto nivel
Número del congreso/reunión o número de parte o sección (8 y 9 de junio
Fecha del congreso/reunión 2009
Sede del congreso/Lugar de la reunión Santo Domingo )
9 (RLIN) 61614
245 13 - MENCIÓN DE TÍTULO
Título La enseñanza de la folosofía en América Latina y el Caribe /
Mención de responsabilidad, etc. Grabiela Santoni.
260 ## - PUBLICACIÓN, DISTRIBUCIÓN, ETC.
Lugar de publicación, distribución, etc. Santo Domingo :
Nombre del editor, distribuidor, etc. Mediabyte,
Fecha de publicación, distribución, etc. 2009.
300 ## - DESCRIPCIÓN FÍSICA
Extensión 143 p. ;
Dimensiones 21 cm.
500 ## - NOTA GENERAL
Nota general Incluye referencias bibliográficas y notas al pie de las páginas
700 12 - PUNTO DE ACCESO ADICIONAL--NOMBRE DE PERSONA
Nombre de persona Santoni, Grabiela
9 (RLIN) 61615
Existencias
Estado de retiro Estado de pérdida No para préstamo Código de colección Localización permanente Ubicación/localización actual Ubicación en estantería Fecha de adquisición Número de inventario Total de préstamos Signatura topográfica completa Código de barras Fecha visto por última vez Número de copia Precio válido a partir de Tipo de ítem Koha Restricciones de uso
    Excluido de préstamo Patrimonio Dominicano Patrimonio Dominicano Patrimonio Dominicano En catalogación 08.11.2011 LF1   35687-10 25.06.2020 e. 2 25.06.2020 Libro y Folleto Colección Patrimonio Dominicano  
      Dominicana de Servicio Patrimonio Dominicano Patrimonio Dominicano En catalogación 08.11.2011 LF1   35687-20 25.06.2020 e. 3 25.06.2020 Libro y Folleto Colección Dominicana de Servicio  
    Excluido de préstamo Patrimonio Dominicano Patrimonio Dominicano Patrimonio Dominicano En catalogación 08.11.2011 LF1   35687-30 25.06.2020   25.06.2020 Libro y Folleto Colección Patrimonio Dominicano  

Con tecnología Koha